Katseye’s duos! (Ships) - Statistics

General Stats
  • This quiz has been taken 138 times
  • The average score is 7 of 15
Answer Stats
Duo name % Correct
Daniela and Manon Danon
82%
Sophia and Daniela Sodani
63%
Sophia and Yoonchae Sunchip
62%
Manon and Lara Marz
60%
Megan and Yoonchae Meichae
59%
Manon and Megan M&M
58%
Megan and Lara Megara
55%
Yoonchae and Lara Yoonara
48%
Daniela and Yoonchae Danchae
42%
Megan and Daniela Meizini
38%
Sophia and Lara Solarz
34%
Lara and Daniela Lariela
27%
Manon and Sophia Maphinz
26%
Manon and Yoonchae Moonz
25%
Megan and Sophia Meifiz
21%
No matching quizzes found
Score Distribution
Percent of People with Each Score
Percentile by Number Answered
Your Score History
You have not taken this quiz